000 00357nam a22001577a 4500
999 _c10728
_d10728
003 OSt
008 210723b ||||| |||| 00| 0 eng d
020 _a9781509867394
082 _a658.452 GAT
100 _aGALLO,Carmine
245 _aTalk Like TED
260 _aLondon
_bPan Books
_c2014
300 _a277
650 _aApplied Sc
942 _2ddc
_cBK
_025